Aktuálny vývoj migrácie v EÚ

Vybrané otázky migrácie a migračnej politiky v rámci EÚ. Sumarizácia zistení Eurostatu o aktuálnom vývoji migrácie, osobitne vývoji počtu a štruktúre migrantov, či už občanov členských štátov, alebo občanov tretích krajín.

Saved in:
Bibliographic Details
Main Author: Csabay, Marek
Format: Book Chapter
Language:Slovak
Subjects:
Tags: Add Tag
No Tags, Be the first to tag this record!

MARC

LEADER 00000nla$a2200000$$$4500
001 0127352
005 20240502072442.7
041 0 |a slo 
044 |a SK 
245 1 0 |a Aktuálny vývoj migrácie v EÚ  |c Marek Csabay 
520 |a Vybrané otázky migrácie a migračnej politiky v rámci EÚ. Sumarizácia zistení Eurostatu o aktuálnom vývoji migrácie, osobitne vývoji počtu a štruktúre migrantov, či už občanov členských štátov, alebo občanov tretích krajín. 
610 2 0 |a migrácia 
610 2 0 |a politika 
610 2 0 |a Európska únia 
100 1 |a Csabay, Marek